000 00547cam a22002171 4500
001 sa 64006047
003 DLC
005 20260227112037.0
008 890403s1963 xx 000 0 hino
010 _asa 64006047
035 _a(OCoLC)23563344
040 _aDLC
_cMiU
_dDLC
042 _apremarc
050 0 0 _aDS481.M3
_bV9
100 1 _aVyāsa, Brajamohana.
245 1 0 _aMahāmanā Mālavīya.
260 _c[1963]
300 _a8, 238 p.
_billus., port.
_c19 cm.
500 _aRomanized.
600 1 0 _aMalaviya, Madan Mohan,
_d1861-1946
999 _c59494
_d59494